000 00905nam a22002532 4500
001 0000023799
005 20151217145944.0
008 130326s xx 000 0 eng d
020 _a0335222469 :
040 _aKABU
_cKABU
100 1 _aJones, Caroline A.
_@0000183514
245 1 0 _aLeadership and management in the early years :
_bfrom principles to practice /
_cCaroline A. Jones and Linda Pound.
250 _a1st ed.
260 _aMaidenhead :
_bOpen University Press,
_c2008.
300 _avi, 223 p.
650 0 _aEarly childhood education.
_@0000153583
650 0 _aEducational leadership.
_@0000158737
650 0 _aEducational leadership
_xCase studies.
_@0000183515
650 0 _aEarly childhood education.
_xCase studies.
_@0000183516
700 1 _aPound, Linda.
_@0000183517
852 1 _9p1215 KES
908 _a130326
950 _@1
999 _c4437
_d4437